Estrategias para prevenir el consumo de drogas en el Nivel Básico de la Escuela Mauricio Báez, en el Distrito Nacional, Período Septiembre-Diciembre, 2010 (Record no. 2087)

MARC details
000 -LEADER
campo de control de longitud fija 02532nam a2200541Ia 4500
001 - NÚMERO DE CONTROL
campo de control 2225
008 - DATOS DE LONGITUD FIJA--INFORMACIÓN GENERAL
campo de control de longitud fija 241029s9999 xx 000 0 und d
010 ## - NÚMERO DE CONTROL DE LA BIBLIOTECA DEL CONGRESO
Número de control de LC 2087
041 ## - CÓDIGO DE IDIOMA
Código de lengua del texto/banda sonora o título independiente Español
082 ## - NÚMERO DE LA CLASIFICACIÓN DECIMAL DEWEY
Número de clasificación BU. ED. 427. UTESA F.H.
245 #0 - MENCIÓN DEL TÍTULO
Título Estrategias para prevenir el consumo de drogas en el Nivel Básico de la Escuela Mauricio Báez, en el Distrito Nacional, Período Septiembre-Diciembre, 2010
260 ## - PUBLICACIÓN, DISTRIBUCIÓN, ETC.
Lugar de publicación, distribución, etc. Santo Domingo
300 ## - DESCRIPCIÓN FÍSICA
Extensión 87
520 ## - RESUMEN, ETC.
Sumario, etc. 35
520 ## - RESUMEN, ETC.
Sumario, etc. El propósito fundamental de este trabajo se centra en la necesidad de implementar por medio de un plan de acción de estrategias preventivas para evitar el consumo de drogas en alumnos y alumnas de educación básica en la escuela Mauricio Báez, ubicada en el distrito nacional, basado en el manejo y comprensión de la problemática de las drogas.Las características de este trabajo son las de una investigación cualitativa. Con el fin de crear estrategias para la prevención del uso de drogas en la escuela Mauricio Báez.Para el análisis e interpretación de la información de este trabajo se aplicó un cuestionario, el cual fue respondido favorablemente por los docentes del centro, cuyos resultados permitieron formular la teorización correspondiente.Los resultados obtenidos permitieron llegar a la conclusión que la problemática que se presenta en la Institución Educativa, es la situación de riesgo en el consumo de drogas, que viven diariamente los alumnos y alumnas de la misma por el ambiente del barrio y por la población que asiste al centro.
630 ## - PUNTO DE ACCESO ADICIONAL DE MATERIA--TÍTULO UNIFORME
Título uniforme Educación y Salud
630 ## - PUNTO DE ACCESO ADICIONAL DE MATERIA--TÍTULO UNIFORME
Título uniforme Estrategia
630 ## - PUNTO DE ACCESO ADICIONAL DE MATERIA--TÍTULO UNIFORME
Título uniforme Prevención
650 ## - PUNTO DE ACCESO ADICIONAL DE MATERIA--TÉRMINO DE MATERIA
Término de materia o nombre geográfico como elemento de entrada Ejes Transversales (Educación y Salud)
690 ## - PUNTO DE ACCESO ADICIONAL DE MATERIA LOCAL--TÉRMINO DE MATERIA (OCLC, RLIN)
Término de materia o nombre geográfico como elemento inicial Copiado sin cambios
700 ## - ENTRADA AGREGADA--NOMBRE PERSONAL
Término indicativo de función/relación asesor
Nombre de persona Javier, Mario
700 ## - ENTRADA AGREGADA--NOMBRE PERSONAL
Término indicativo de función/relación autor
Nombre de persona Hernández, Ernestina
901 ## - ELEMENTOS DE DATOS A LOCAL LDA (RLIN)
a {"1":" Hernández"}
b {"1":"Ernestina"}
902 ## - ELEMENTOS DE DATOS B LOCAL, LDB (RLIN)
a 1
903 ## - ELEMENTOS DE DATOS C LOCAL, LDC (RLIN)
a {"1":"Javier"}
b {"1":"Mario "}
904 ## - ELEMENTOS DE DATOS D LOCAL, LDD (RLIN)
a Magíster en
905 ## - ELEMENTOS DE DATOS E LOCAL, LDE (RLIN)
a Educación Superior
906 ## - ELEMENTOS DE DATOS F LOCAL, LDF (RLIN)
a 2
907 ## - ELEMENTOS DE DATOS G LOCAL, LDG (RLIN)
a NO APLICA
908 ## - COLOCAR PARÁMETRO DE COMANDO (RLIN)
Colocar parámetro de comando NO APLICA
909 ## -
-- Universidad Tecnológica de Santiago (UTESA), Campus Central Herrera
910 ## - DATOS DE OPCIÓN DEL USUARIO (OCLC)
Datos de opción del usuario NULL
-- NULL
911 ## - EQUIVALENCIA O REFERENCIA-CRUZADA-NOMBRE DE CONFERENCIA O REUNIÓN/CONGRESO [LOCAL, CANADÁ]
Nombre de congreso/reunión o jurisdicción como elemento de entrada ["1"]
912 ## -
-- NO APLICA
913 ## -
-- NULL
914 ## -
-- 11 de Enero de 2010
915 ## -
-- 30/06/15 11:06
916 ## -
-- NULL
917 ## -
-- NULL
918 ## -
-- NO APLICA
919 ## -
-- ["315","92","279"]
921 ## -
-- 16
922 ## -
-- 16
923 ## -
-- 0
924 ## -
-- NO APLICA
942 ## - ELEMENTOS DE ENTRADA SECUNDARIOS (KOHA)
Tipo de ítem Koha

No items available.

© 2024. Todos los Derechos Reservados. Desarrollado por IDEICE